000 00449cam a2200181ua 4500
041 _aeng
_h
082 _a540.0162
_bJAI/CH
100 _aJain, S K .
245 _aChemistry for engineers /
_cS K Jain.
_hTextual Documents
250 _a1 /
_b.
260 _aNew Delhi :
_bVani Educational Books ,
_c1985.
300 _a602 ; .
504 _a
700 1 _aSaraswat, B S .
700 1 _aThakur, R S .
942 _cBK
999 _c6781
_d6781